000
00424nam a2200169Ia 4500
008
090711s9999 xx 000 0 und d
082
_b
48973
100
_a
सावंत वसंत
245
_a
उगवाई
260
_c
1984
300
_a
96
600
_a
सावंत वसंत
630
_a
उगवाई
700
_a
सावंत वसंत
730
_a
उगवाई
942
_c
BOOK
999
_c
288946
_d
288946